000 00812nam a2200241Ia 4500
003 OSt
005 20220925204809.0
006 a|||||r|||| 00| 0
007 ta
008 220923b |||||||| |||| 00| 0 eng d
020 _a9788188789641
_c255
037 _bDU23, 15/03/2011, INDEPENDENT PUBLISHERS GROUP
_cGeneral Book
040 _aRTL
_cRTL
_beng
041 _2eng
_aeng
082 _aV3:192. N51, Q0
100 _aMAZUMDAR Vina
_9268963
245 0 _aMind and the medium
_b Explorations in the evolution of imperial policy in India
260 _aGurgaon
_bThree Essays Collective
_c2010
300 _axv, 216p
_ccm.
650 _aSociology
942 _hV3:192. N51, Q0
_cGB
_2CC
999 _c550435
_d550435